Rast elektropriemyslu je nadpriemerný

Rozhovor s Ing. J. Mlynčekom, generálnym riaditeľom Alcatelu Slovensko a.s., o stave a o vývoji elektropriemyslu na Slovensku. Aká je úroveň elektrotechnického priemyslu na Slovensku v porovnaní so svetom. O reštrukturalizácii v elektrotechniskom priemysle a o jeho pripravenosti na vstup do EU. Aké...

Ausführliche Beschreibung

Gespeichert in:
Bibliographische Detailangaben
1. Verfasser: Růžičková, Marta
Weitere Verfasser: Mlynček, Jaroslav
Format: Buchkapitel
Sprache:Slowakisch
Schlagworte:
Tags: Tag hinzufügen
Keine Tags, Fügen Sie das erste Tag hinzu!

MARC

LEADER 00000naa a2200000 4500
001 r044402
005 20230925125220.6
041 0 |a slo 
044 |a SK 
245 1 0 |a Rast elektropriemyslu je nadpriemerný  |c Aut.interv. Marta Růžičková, Jaroslav Mlynček 
520 |a Rozhovor s Ing. J. Mlynčekom, generálnym riaditeľom Alcatelu Slovensko a.s., o stave a o vývoji elektropriemyslu na Slovensku. Aká je úroveň elektrotechnického priemyslu na Slovensku v porovnaní so svetom. O reštrukturalizácii v elektrotechniskom priemysle a o jeho pripravenosti na vstup do EU. Aké sú hospodárske výsledky elektrotechnického odvetvia. 
610 2 0 |a elektrotechnika 
610 2 0 |a vývoj hospodársky 
610 2 0 |a reštrukturalizácia 
610 2 0 |a investície 
610 2 0 |a Slovensko 
100 1 |a Růžičková, Marta 
700 1 |a Mlynček, Jaroslav